Loading...

Upkar's Rashtriya military schools common entrance test

Bibliographic Details
Main Author: Sharma, J N
Format: Printed Book
Published: Agra Upkar prakashan
Subjects:
LEADER 00447nam a2200133 4500
020 |a 9788174827326 
082 |a 355.076  |b SHA/U 
100 |a Sharma, J N 
245 |a Upkar's Rashtriya military schools common entrance test 
260 |a Agra  |b Upkar prakashan 
650 |a nda entrance 
942 |c CC 
999 |c 56482  |d 56482 
952 |0 0  |1 0  |4 0  |6 355_076000000000000_SHAU  |7 0  |9 63571  |a KUCL  |b KUCL  |d 2019-03-18  |g 260.00  |l 0  |o 355.076 SHA/U  |p 49331  |r 2019-03-18  |w 2019-03-18  |y CC